APRENDE INGLES MI PRIMERA GRAMATICA VOL1 (Registro nro. 2049)
[ vista simple ]
| 000 -LEADER | |
|---|---|
| fixed length control field | 02147nam a22001937a 4500 |
| 003 - CONTROL NUMBER IDENTIFIER | |
| control field | OSt |
| 005 - DATE AND TIME OF LATEST TRANSACTION | |
| control field | 20260408092713.0 |
| 008 - FIXED-LENGTH DATA ELEMENTS--GENERAL INFORMATION | |
| fixed length control field | 260407b |||||||| |||| 00| 0 SPA d |
| 082 ## - DEWEY DECIMAL CLASSIFICATION NUMBER | |
| Edition number | 9583200611 |
| 100 ## - MAIN ENTRY--PERSONAL NAME | |
| Personal name | JUAN ANTONIO OLLERO |
| 245 ## - TITLE STATEMENT | |
| Title | APRENDE INGLES MI PRIMERA GRAMATICA VOL1 |
| 250 ## - EDITION STATEMENT | |
| Edition statement | 1RA EDICION |
| Remainder of edition statement | 1 |
| 260 ## - PUBLICATION, DISTRIBUTION, ETC. | |
| Place of publication, distribution, etc. | BARCELONA - ESPAÑA |
| Name of publisher, distributor, etc. | GRUPO EDITORIAL OCEANO |
| Date of publication, distribution, etc. | 1986 y 1987 |
| 300 ## - PHYSICAL DESCRIPTION | |
| Extent | 126 a 128 páginas. |
| Dimensions | 18 x 25 cm |
| 490 ## - SERIES STATEMENT | |
| Materials specified | tapa dura (cartoné). |
| 520 ## - SUMMARY, ETC. | |
| Summary, etc. | l objetivo central del libro es simplificar la comprensión de las estructuras gramaticales mediante un método visual y progresivo. Sus puntos clave incluyen:Fundamentos del idioma: Explica de forma clara y sencilla las bases de la gramática inglesa, como el uso de pronombres, el verbo to be, los artículos y los tiempos verbales básicos (presente, pasado y futuro).Aprendizaje visual: Utiliza abundantes ilustraciones y diagramas que ayudan a los principiantes a asociar conceptos gramaticales con situaciones cotidianas, facilitando la retención de información.Pronunciación: Muchas ediciones incluyen guías fonéticas para que el estudiante no solo aprenda a escribir correctamente, sino también a pronunciar de manera adecuada desde el inicio.Estructura progresiva: El material está dividido en lecciones que aumentan gradualmente su dificultad, permitiendo que el lector construya oraciones cada vez más complejas, describa personas y lugares, y exprese habilidades o preferencias |
| 650 ## - SUBJECT ADDED ENTRY--TOPICAL TERM | |
| Topical term or geographic name entry element | Cómo se lee Aprende Inglés: Una guía inicial sobre el uso del libro y su metodología.La gramática: Introducción general al concepto de reglas lingüísticas en el idioma inglés. |
| General subdivision | Fundamentos de la Oración: Sujeto, verbos auxiliares y el uso esencial del verbo to be.Categorías Gramaticales: Estudio de artículos (definidos e indefinidos), sustantivos y adjetivos posesivos.Vocabulario Estructural: Los números (cardinales y ordinales), días de la semana, meses y fechas.Expresiones Cotidianas: Secciones dedicadas a saludos, presentaciones personales e información básica sobre pertenencias y entorno. |
| 942 ## - ADDED ENTRY ELEMENTS (KOHA) | |
| Source of classification or shelving scheme | Dewey Decimal Classification |
| Koha item type | Acceso Libre |
| Edition | 1 |
| Suppress in OPAC | No |
| Withdrawn status | Lost status | Source of classification or shelving scheme | Damaged status | Not for loan | Collection | Home library | Current library | Shelving location | Date acquired | Source of acquisition | Coded location qualifier | Inventory number | Total checkouts | Full call number | Barcode | Date last seen | Copy number | Price effective from | Koha item type |
|---|---|---|---|---|---|---|---|---|---|---|---|---|---|---|---|---|---|---|---|
| Dewey Decimal Classification | Estantería E Fila 3 | Biblioteca Stanford | Biblioteca Stanford | Biblioteca Abierta | 07.04.2026 | IDIOMAS | 0473 | 0473 | INGLES | IDIOMA0473 | 07.04.2026 | 1 | 07.04.2026 | Acceso Libre |